Teoría e investigación de la delincuencia juvenil en los Estados Unidos
Uloženo v:
| Hlavní autor: | |
|---|---|
| Médium: | Kniha |
| Jazyk: | španělština |
| Vydáno: |
Santiago
Andrés Bello
1959
|
| Vydání: | 1a. ed |
| Edice: | Cuadernos de la FLACSO
|
| Témata: | |
| Tagy: |
Přidat tag
Žádné tagy, Buďte první, kdo vytvoří štítek k tomuto záznamu!
|
MARC
| LEADER | 00000cam a2200000 a 4500 | ||
|---|---|---|---|
| 001 | UCC5819 | ||
| 003 | CL-VaPUC | ||
| 008 | 181031e19590000cl |||||||||||||||||spa|d | ||
| 082 | 0 | 4 | |a 364.36 |b BOR |2 21 |
| 100 | 0 | |a Bordua, David J |e author |9 600206 | |
| 245 | 1 | 0 | |a Teoría e investigación de la delincuencia juvenil en los Estados Unidos |
| 250 | |a 1a. ed | ||
| 300 | |a 95 p | ||
| 942 | |c BK | ||
| 945 | |d 20181031 17:21:00 |a dcastane | ||
| 260 | |a Santiago |b Andrés Bello |c 1959 | ||
| 650 | 7 | |a DERECHO PENAL |2 CL-VaPUC |9 11 | |
| 650 | 0 | |a Problemas sociales |9 258537 | |
| 583 | |a last modification |c 20181031 17:21:00 |k Rodrigo Vera | ||
| 490 | 0 | |a Cuadernos de la FLACSO | |
| 999 | |c 372928 |d 372926 | ||
| 952 | |0 0 |1 0 |3 erb |4 0 |6 364_360000000000000_BOR_1959 |7 0 |8 A |9 490812 |a BIBDER |b BIBDER |e Mateluna Arestizabal, Alfredo Sergio |i 549155K |o 364.36 BOR 1959 |p 549155K |r 2023-01-25 |w 2019-11-24 |y BK |z Catalogado en:20181031 |k DER | ||